01128nam a2200277 i 4500001001000000003000900010005001700019007000300036008004100039040003000080041000800110082002400118100003700142245021200179246007300391246005000464264009800514300002800612336002700640337003400667338002900701650002900730650004500759700002200804700002400826000007203DO-SdBNP20260310111852.0ta090907s1981 dr 000 0 spa d aDO-SdBNPbspacBNPHUerda aspa 4a467.0903bG643i2221 aGonzález, Antonioeautor4aut.10aInforme de la investigación del léxico básico de la lengua escrita en República Dominicana y diccionario de uso, frecuencia y dispersión /cAntonio González, Santiago Cabanes, Francisco García.14aLéxico básico de la lengua escrita en la República Dominicana.13aDiccionario de uso, frecuencia y dispersión aSanto Domingo, República Domicana :bUniversidad Nacional Pedro Henríquez Ureña,c1981. a374 páginas ;c20 cm. atextobtxt2rdacontent asin mediaciónbn2rdamedia  avolumenbnc2rdacarrier  4aEspañolxLexicología 4aEspañolxGlosarios, vocabularios, etc.1 aCabanes, Santiago1 aGarcía, Francisco